000
00326nam a2200121Ia 4500
008
220216s9999 xx 000 0 und d
100
_a
Parkinson D
245
0
_a
Behaviour of natural rubber and GR-S under repeated stress cycles
260
_b
IRI Transactions
_c
1945
300
_a
67-77
700
_a
Bloxham J L
942
_c
JS
999
_c
54689
_d
54689